Tomodachi game 50 personnages - Statistiques

Statistiques générales
  • Ce quiz a été pris 45 fois
  • Le résultat moyen est 15 sur 50
Statistiques - réponses
Hint Réponse % Correct
ami du personnage principal makoto shibe
89%
ami du personnage principal tenji mikasa
89%
organisateur du jeu masakazu shibe
83%
personnage principal yuuichi katagiri
83%
mère du personnage principal yuka katagiri
78%
amie du personnage principal shiho sawaragi
67%
père d'un protagoniste yutaka mikasa
67%
amie du personnage principal yutori kokorogi
67%
cache cache de l'amitié kei shinomiya
61%
animateur du jeu manabu
61%
père d'une protagoniste wataru sawaragi
61%
administrateur du jeu maria mizuse
56%
casino de l'amitié shinji shiba
56%
père du personnage principal taizen shiba
56%
mère d'une protagoniste tsugumi kokorogi
56%
casino de l'amitié satone kaido
44%
casino de l'amitié tsukasa kaido
39%
jeu sans amis hokuto taneda
33%
administrateur du jeu tsukino
33%
cache cache de l'amitié hyakutaro onigawara
28%
chef de gang kuroki
28%
prison de l'amitié ryusei taneda
28%
casino de l'amitié kamishiro
22%
battle royal de l'amitié subaru gaku
22%
prison de l'amitié wataru ushiroda
22%
prison de l'amitié kenji yamashita
17%
jeu sans amis kimiko kyouguchi
17%
administrateur du jeu ren tojo
17%
tribunal de l'amitié saori miyabe
17%
jeu sans amis akira nishizawa
11%
jeu sans amis kawauchi taro
11%
administrateur du jeu reiko tamai
11%
jeu sans amis sora namiragawa
11%
casino de l'amitié yasushi mishima
11%
cache cache de l'amitié banri niwa
6%
cache cache de l'amitié chisato hashiratani
6%
prison de l'amitié genjo tagami
6%
jeu sans amis gouri rihito
6%
cache cache de l'amitié juzo kadokura
6%
prison de l'amitié keiko mizutani
6%
casino de l'amitié michiru kawashita
6%
prison de l'amitié minami hudo
6%
jeu sans amis nagi araya
6%
jeu sans amis reika araya
6%
prison de l'amitié minoru kawakami
0%
tribunal de l'amitié minoru okuzono
0%
battle royal de l'amitié monoma hashimoto
0%
tribunal de l'amitié ryosuke ikechi
0%
administrateur du jeu takeshi nanri
0%
battle royal de l'amitié umeko shirasuna
0%
Aucun quiz correspondant
Distribution des résultats
% des personnes avec chaque résultat
Percentile par nombre de réponses
Votre historique - résultats
Vous n’avez pas pris ce quiz